Daitomeas del lago Titicaca /

Guardado en:
Autor Principal: Frenguelli, Joaquín.
Formato: Libro
Idioma:Spanish
Publicado: Buenos Aires : Coni, 1939.
Etiquetas: Agregar Etiqueta
Sin Etiquetas, Sea el primero en etiquetar este registro!
LEADER 00447nam a22001455a 4500
001 EUN.um029967
003 AR-BaUNS
005 20050623122905.0
008 041125s1939####ag#a##########000#0#spa#d
245 1 0 |a Daitomeas del lago Titicaca /  |c Joaquín Frenguelli. 
260 |a Buenos Aires :  |b Coni,  |c 1939. 
300 |a 24 p. :  |b ilus. ;  |c 22,5 cm. 
100 1 |a Frenguelli, Joaquín. 
082 0 4 |a 589.62 
859 |a Ar-BaUNS  |b BIB. CENTRAL - Sector C  |h 589.62  |i F889-1  |p 1390/961